Red Characters - Sudden Death - Statistics

General Stats
  • This quiz has been taken 76 times
  • The average score is 13 of 16
Answers on the Grid
Answers color-coded by a green-red scale on the quiz's grid according to % correct below.
Aquaman
Brave Toaster
Carnage
Catwoman
Clifford
Daredevil
Deadpool
Elmer Fudd
Elmo
Gonzo
Hellboy
Iron Man
Knuckles
Kool-aid Man
Little Red
Riding Hood
Mario
Mega Man
Mr. Krabbs
Po the Teletubby
Redskull
Santa Claus
Spyro
The Flash
Wario
 
Answer Stats
Answer % Correct
Santa Claus
91%
Little Red
Riding Hood
88%
The Flash
88%
Deadpool
87%
Clifford
85%
Elmo
85%
Iron Man
84%
Mario
84%
Kool-aid Man
82%
Mr. Krabbs
81%
Daredevil
78%
Knuckles
78%
Hellboy
73%
Po the Teletubby
67%
Redskull
66%
Carnage
64%
No matching quizzes found
Score Distribution
Percent of People with Each Score
Percentile by Number Answered
Your Score History
You have not taken this quiz